00349 a2200145 4500003000400000005001700004008004100021020001800062040000900080082002200089100001500111245002600126260003300152300001800185OSt20231028134541.0231028b |||||||| |||| 00| 0 eng d a9789356433991 coclc a894.812301bHAR/K aHareesh, S a KATHAKAL / S HAREESH aKottayam:bD C Books,c2023. a352p, c21 cm